[Event "11th Arad Open 2018"]
[Site "Arad"]
[Date "2018.08.11"]
[Round "8"]
[White "Deepan Chakkravarthy J."]
[Black "Gavrilescu, David"]
[Result "1-0"]
[WhiteElo "2530"]
[BlackElo "2468"]
[Annotator "ChessBase"]
[PlyCount "65"]
[EventDate "2018.08.05"]
[EventType "swiss"]
[EventCountry "ROU"]
[SourceTitle "playchess.com"]
[Source "ChessBase"]
[SourceQuality "1"]
[TimeControl "40/5400+30:1800+30"]

1. Nf3 {[%emt 0:04:09]} d5 {[%emt 0:00:00]} 2. g3 {[%emt 0:00:06]} Nf6 {[%emt 0:00:34]} 3. Bg2 {[%emt 0:00:04]} c5 {[%emt 0:00:37]} 4. O-O {[%emt 0:00:18]} e6 {[%emt 0:00:31]} 5. c4 {[%emt 0:01:37]} d4 {[%emt 0:00:33]} 6. d3 {[%emt 0:01:44]} h6 {[%emt 0:02:43]} 7. b4 {[%emt 0:07:53]} cxb4 {[%emt 0:01:37]} 8. a3 {[%emt 0:00:04]} bxa3 {[%emt 0:05:41]} 9. Nbd2 {[%emt 0:00:28]} Nc6 {[%emt 0:01:21]} 10. Qa4 {[%emt 0:01:35]} Bd7 {[%emt 0:04:01]} 11. Bxa3 {[%emt 0:02:55]} Bxa3 {[%emt 0:08:28]} 12. Qxa3 {[%emt 0:00:45]} Qe7 {[%emt 0:01:11]} 13. Nb3 {[%emt 0:11:16]} e5 {[%emt 0:12:33]} 14. Na5 {[%emt 0:01:40]} Qxa3 {[%emt 0:08:54]} 15. Rxa3 {[%emt 0:00:19]} O-O {[%emt 0:01:25]} 16. Nxb7 {[%emt 0:12:28]} Rab8 {[%emt 0:10:22]} 17. Na5 {[%emt 0:00:32]} Rb2 {[%emt 0:03:17]} 18. Nxc6 {[%emt 0:05:50]} Bxc6 {[%emt 0:00:46]} 19. Re1 {[%emt 0:11:34]} Bxf3 {[%emt 0:13:40]} 20. Bxf3 {[%emt 0:00:41]} Re8 {[%emt 0:01:43]} 21. Rxa7 {[%emt 0:00:06]} e4 {[%emt 0:00:21]} 22. dxe4 {[%emt 0:04:51]} Nxe4 {[%emt 0:02:15]} 23. Rd7 {[%emt 0:06:19]} Rd2 {[%emt 0:07:28]} 24. h4 {[%emt 0:06:08]} g6 {[%emt 0:06:23]} 25. Ra1 {[%emt 0:03:49]} Nf6 {[%emt 0:03:54]} 26. Rc7 {[%emt 0:00:42]} d3 {[%emt 0:01:37]} 27. exd3 {[%emt 0:00:33]} Rxd3 {[%emt 0:00:05]} 28. Kg2 {[%emt 0:00:22]} Rc3 {[%emt 0:01:27]} 29. Raa7 {[%emt 0:02:38]} Rf8 {[%emt 0:00:07]} 30. c5 {[%emt 0:00:21]} g5 {[%emt 0:00:05]} 31. hxg5 {[%emt 0:02:14]} hxg5 {[%emt 0:00:01]} 32. g4 {[%emt 0:02:23]} Rc4 {[%emt 0:01:08]} 33. c6 {[%emt 0:00:09]} 1-0

[Event "11th Arad Open 2018"]
[Site "Arad"]
[Date "2018.08.11"]
[Round "8"]
[White "Stany, G A"]
[Black "Toma, Radu-Cristian"]
[Result "1-0"]
[WhiteElo "2494"]
[BlackElo "2354"]
[Annotator "TA"]
[PlyCount "39"]
[EventDate "2018.08.05"]
[EventType "swiss"]
[EventCountry "ROU"]
[SourceTitle "playchess.com"]
[Source "ChessBase"]
[SourceQuality "1"]

{[%evp 13,39,24,37,25,22,20,37,13,19,18,13,0,19,8,6,6,93,96,92,100,89,92,108,95,458,455,479,455]} 1. e4 c5 2. Nf3 Nc6 3. Bb5 e6 4. O-O Nge7 5. d4 cxd4 6. Nxd4 Qb6 7. Nxc6 {B30: Sicilian: 2...Nc6 3 Bb5, lines without ...g6} dxc6 {LiveBook: 9 Games} (7... bxc6 8. Bd3 Ng6 9. c4 Be7 10. Nc3 O-O 11. Na4 Qc7 12. c5 d5 13. cxd6 Bxd6 14. g3 c5 {1-0 (27) Caruana,F (2811)-Lenic,L (2662) chess.com INT 2018}) 8. Bd3 Ng6 9. Nd2 {The position is equal.} e5 $146 ({Predecessor:} 9... Qc7 10. a4 Bc5 11. Nb3 Bd6 12. g3 e5 13. Be3 Bh3 14. Re1 Qe7 {½-½ (51) Cieza,A (2308)-Marcelin,C (2455) Cappelle-la-Grande 2002}) 10. a4 Qc7 11. Nc4 Be6 12. Be3 b6 13. Qh5 Be7 14. g3 Qc8 (14... O-O $11 {remains equal.}) 15. Nxe5 $16 Nxe5 16. Qxe5 Bf6 17. Qd6 Bxb2 18. Rad1 Bf6 $2 {[%mdl 8192] [#]} (18... Bg4 $16 {is a better chance.}) 19. Ba6 $1 $18 {[%cal Ra6c8][%mdl 512]} Qxa6 20. Qxc6+ {Precision: White = 57%, Black = 50%.} 1-0

[Event "11th Arad Open 2018"]
[Site "Arad"]
[Date "2018.08.11"]
[Round "8"]
[White "Stany, G. A."]
[Black "Toma, Radu-Cristian"]
[Result "1-0"]
[WhiteElo "2494"]
[BlackElo "2354"]
[Annotator "TA"]
[PlyCount "39"]
[EventDate "2018.08.05"]
[EventType "swiss"]
[EventCountry "ROU"]
[SourceTitle "playchess.com"]
[Source "ChessBase"]
[SourceQuality "1"]

{[%evp 13,39,8,25,21,21,13,20,15,25,14,14,0,18,7,7,16,91,92,111,115,110,110,127,93,447,448,481,477]} 1. e4 c5 2. Nf3 Nc6 3. Bb5 e6 4. O-O Nge7 5. d4 cxd4 6. Nxd4 Qb6 7. Nxc6 {B30: Sicilian: 2...Nc6 3 Bb5, lines without ...g6} dxc6 {LiveBook: 9 Games} (7... bxc6 8. Bd3 Ng6 9. c4 Be7 10. Nc3 O-O 11. Na4 Qc7 12. c5 d5 13. cxd6 Bxd6 14. g3 c5 {1-0 (27) Caruana,F (2811)-Lenic,L (2662) chess.com INT 2018}) 8. Bd3 Ng6 9. Nd2 {The position is equal.} e5 $146 ({Predecessor:} 9... Qc7 10. a4 Bc5 11. Nb3 Bd6 12. g3 e5 13. Be3 Bh3 14. Re1 Qe7 {½-½ (51) Cieza,A (2308)-Marcelin,C (2455) Cappelle-la-Grande 2002}) 10. a4 Qc7 11. Nc4 Be6 12. Be3 b6 13. Qh5 Be7 14. g3 Qc8 (14... O-O $11) 15. Nxe5 $16 Nxe5 16. Qxe5 Bf6 17. Qd6 Bxb2 18. Rad1 Bf6 $2 {[%mdl 8192] [#]} (18... Qd7 $16 {is tougher.} 19. Qb4 Bf6) 19. Ba6 $1 $18 {[%cal Ra6c8][%mdl 512]} Qxa6 20. Qxc6+ {Precision: White = 58%, Black = 35%.} 1-0

[Event "11th Arad Open 2018"]
[Site "Arad"]
[Date "2018.08.11"]
[Round "8"]
[White "Swayams, Mishra"]
[Black "Posedaru, Bogdan"]
[Result "1-0"]
[WhiteElo "2467"]
[BlackElo "2326"]
[Annotator "ChessBase"]
[PlyCount "85"]
[EventDate "2018.08.05"]
[EventType "swiss"]
[EventCountry "ROU"]
[SourceTitle "playchess.com"]
[Source "ChessBase"]
[SourceQuality "1"]
[TimeControl "40/5400+30:1800+30"]

1. d4 {[%emt 0:11:10]} d5 {[%emt 0:00:00]} 2. Nf3 {[%emt 0:00:26]} e6 {[%emt 0:00:00]} 3. Bf4 {[%emt 0:00:13]} c5 {[%emt 0:00:26]} 4. e3 {[%emt 0:00:41]} Nf6 {[%emt 0:00:19]} 5. c3 {[%emt 0:00:26]} Nc6 {[%emt 0:00:47]} 6. Nbd2 {[%emt 0:00:43]} cxd4 {[%emt 0:02:03]} 7. exd4 {[%emt 0:00:06]} Nh5 {[%emt 0:00:29]} 8. Be3 {[%emt 0:00:51]} Bd6 {[%emt 0:00:49]} 9. Ne5 {[%emt 0:00:24]} g6 {[%emt 0:02:26]} 10. g4 {[%emt 0:00:27]} Ng7 {[%emt 0:00:19]} 11. h4 {[%emt 0:00:06]} h5 {[%emt 0:00:05]} 12. Bg5 {[%emt 0:00:15]} Qb6 {[%emt 0:00:18]} 13. Bf6 {[%emt 0:00:08]} Kf8 {[%emt 0:00:04]} 14. Nb3 {[%emt 0:00:57]} a5 {[%emt 0:02:55]} 15. Rb1 {[%emt 0:27:54]} Rh7 {[%emt 0:30:12]} 16. Bd3 {[%emt 0:08:44]} a4 {[%emt 0:05:33]} 17. Nd2 {[%emt 0:00:38]} Nxe5 {[%emt 0:04:07]} 18. dxe5 {[%emt 0:00:34]} Bc5 {[%emt 0:00:03]} 19. Rh2 {[%emt 0:04:51]} hxg4 {[%emt 0:07:07]} 20. Qxg4 {[%emt 0:00:14]} Nh5 {[%emt 0:00:51]} 21. Bg5 {[%emt 0:02:01]} Qc7 {[%emt 0:03:18]} 22. Nf3 {[%emt 0:01:29]} a3 {[%emt 0:00:11]} 23. b4 {[%emt 0:00:52]} f5 {[%emt 0:03:54]} 24. Qg1 {[%emt 0:02:47]} Bb6 {[%emt 0:02:20]} 25. Bd2 {[%emt 0:01:33]} Rg7 {[%emt 0:03:42]} 26. Rc1 {[%emt 0:04:18]} Ke8 {[%emt 0:01:25]} 27. Rg2 {[%emt 0:01:07]} Qf7 {[%emt 0:02:28]} 28. Be2 {[%emt 0:12:05]} Bc7 {[%emt 0:15:36]} 29. c4 {[%emt 0:05:14]} d4 {[%emt 0:00:04]} 30. Rd1 {[%emt 0:01:18]} d3 {[%emt 0:03:42]} 31. Bxd3 {[%emt 0:00:12]} Bd7 {[%emt 0:00:25]} 32. b5 {[%emt 0:01:11]} Ba5 {[%emt 0:00:09]} 33. Bxa5 {[%emt 0:02:57]} Rxa5 {[%emt 0:00:05]} 34. Rh2 {[%emt 0:01:02]} Qe7 {[%emt 0:00:16]} 35. Qg5 {[%emt 0:00:12]} b6 {[%emt 0:02:14]} 36. Be2 {[%emt 0:01:38]} Qxg5 {[%emt 0:01:44]} 37. hxg5 {[%emt 0:00:09]} Ra4 {[%emt 0:00:51]} 38. Nd4 {[%emt 0:01:12]} Nf4 {[%emt 0:00:15]} 39. Rh8+ {[%emt 0:00:19]} Ke7 {[%emt 0:00:15]} 40. Nc6+ {[%emt 0:00:00]} Bxc6 {[%emt 0:00:00]} 41. bxc6 {[%emt 0:15:46]} Ra7 {[%emt 0:15:24]} 42. Rdd8 {[%emt 0:00:10]} Rc7 {[%emt 0:00:43]} 43. Rde8+ {[%emt 0:00:11]} 1-0

[Event "11th Arad Open 2018"]
[Site "Arad"]
[Date "2018.08.11"]
[Round "8"]
[White "Cioara, Andrei-Nestor"]
[Black "Dinu, Dumitru-Daniel"]
[Result "1-0"]
[WhiteElo "2435"]
[BlackElo "2225"]
[Annotator "NA RC"]
[PlyCount "55"]
[EventDate "2018.08.05"]
[EventType "swiss"]
[EventCountry "ROU"]
[SourceTitle "playchess.com"]
[Source "ChessBase"]
[SourceQuality "1"]
[TimeControl "40/5400+30:1800+30"]

1. d4 {[%emt 0:04:48]} Nf6 {[%emt 0:00:00]} 2. c4 {[%emt 0:00:09]} c5 {[%emt 0:00:00]} 3. d5 {[%emt 0:00:05]} b5 {[%emt 0:00:00]} 4. Qc2 {[%emt 0:01:43]} bxc4 {[%emt 0:01:14]} 5. e4 {[%emt 0:00:07]} Bb7 {[%emt 0:00:10]} 6. Bxc4 {[%emt 0:03:49]} e6 {[%emt 0:00:55]} 7. Nc3 {[%emt 0:05:26]} Na6 {[%emt 0:10:33]} 8. Bg5 {[%emt 0:25:02]} Be7 {[%emt 0:03:34]} 9. Bf4 {[%emt 0:05:53]} Nb4 {[%emt 0:01:17]} 10. Qb3 {[%emt 0:01:33]} Nxe4 {[%emt 0:08:35]} 11. Nxe4 {[%emt 0:09:27]} exd5 {[%emt 0:07:03]} 12. Nd6+ {[%emt 0:00:10]} Bxd6 {[%emt 0:00:41]} 13. Bxd6 {[%emt 0:00:07]} Qf6 {[%emt 0:00:23]} 14. Bxc5 {[%emt 0:02:50]} dxc4 {[%emt 0:03:08]} 15. Qxb4 {[%emt 0:00:10]} Bxg2 {[%emt 0:10:12]} 16. O-O-O {[%emt 0:00:26]} Qh6+ {[%emt 0:18:27]} 17. Kb1 {[%emt 0:08:10]} Bxh1 {[%emt 0:01:35]} 18. f3 {[%emt 0:09:13]} Qc6 {[%emt 0:07:52]} 19. Rd6 {[%emt 0:01:06]} Qc7 {[%emt 0:01:27]} 20. Rd5 {[%emt 0:07:53]} f6 {[%emt 0:05:23]} 21. Qe1+ {[%emt 0:01:07]} Kf7 {[%emt 0:00:22]} 22. Qe7+ {[%emt 0:00:05]} Kg6 {[%emt 0:00:05]} 23. Qe4+ {[%emt 0:00:12]} Kf7 {[%emt 0:00:20]} 24. Qxc4 {[%emt 0:02:48]} Kg6 {[%emt 0:04:12]} 25. Qg4+ {[%emt 0:00:10]} Kf7 {[%emt 0:00:06]} 26. Rxd7+ {[%emt 0:00:06]} Qxd7 {[%emt 0:00:01]} 27. Qxd7+ {[%emt 0:00:06]} Kg6 {[%emt 0:00:30]} 28. Nh3 {[%emt 0:01:46]} 1-0

[Event "11th Arad Open 2018"]
[Site "Arad"]
[Date "2018.08.11"]
[Round "8"]
[White "Sanduleac, Vasile"]
[Black "Vajda, Levente"]
[Result "0-1"]
[WhiteElo "2420"]
[BlackElo "2558"]
[Annotator "ChessBase"]
[PlyCount "80"]
[EventDate "2018.08.05"]
[EventType "swiss"]
[EventCountry "ROU"]
[SourceTitle "playchess.com"]
[Source "ChessBase"]
[SourceQuality "1"]
[TimeControl "40/5400+30:1800+30"]

1. e4 {[%emt 0:00:00]} e6 {[%emt 0:00:00]} 2. d3 {[%emt 0:01:27]} d5 {[%emt 0:01:01]} 3. Nd2 {[%emt 0:00:11]} Nf6 {[%emt 0:01:35]} 4. Ngf3 {[%emt 0:00:34]} c5 {[%emt 0:00:16]} 5. g3 {[%emt 0:00:40]} Nc6 {[%emt 0:00:10]} 6. Bg2 {[%emt 0:00:08]} b6 {[%emt 0:04:26]} 7. O-O {[%emt 0:00:20]} Ba6 {[%emt 0:00:46]} 8. exd5 {[%emt 0:02:26]} exd5 {[%emt 0:03:36]} 9. Re1+ {[%emt 0:02:00]} Be7 {[%emt 0:00:09]} 10. d4 {[%emt 0:01:48]} O-O {[%emt 0:02:12]} 11. Ne5 {[%emt 0:02:18]} Nxd4 {[%emt 0:04:31]} 12. c3 {[%emt 0:01:40]} Ne6 {[%emt 0:00:11]} 13. Nc6 {[%emt 0:03:22]} Qc7 {[%emt 0:00:37]} 14. Nxe7+ {[%emt 0:00:07]} Qxe7 {[%emt 0:00:04]} 15. Nf1 {[%emt 0:00:35]} Qd7 {[%emt 0:06:06]} 16. Ne3 {[%emt 0:02:37]} Rad8 {[%emt 0:00:56]} 17. Nf5 {[%emt 0:03:36]} Rfe8 {[%emt 0:02:29]} 18. Bd2 {[%emt 0:10:41]} Bd3 {[%emt 0:21:04]} 19. Ne3 {[%emt 0:00:40]} Be4 {[%emt 0:03:37]} 20. f3 {[%emt 0:05:05]} Bg6 {[%emt 0:00:05]} 21. Bh3 {[%emt 0:04:46]} Qb5 {[%emt 0:07:46]} 22. Qb3 {[%emt 0:00:59]} Qc6 {[%emt 0:02:08]} 23. Bg2 {[%emt 0:02:26]} c4 {[%emt 0:01:55]} 24. Qa3 {[%emt 0:02:07]} d4 {[%emt 0:00:11]} 25. Ng4 {[%emt 0:01:36]} Nxg4 {[%emt 0:03:00]} 26. fxg4 {[%emt 0:00:21]} Qc7 {[%emt 0:03:03]} 27. Qb4 {[%emt 0:09:50]} Bd3 {[%emt 0:03:18]} 28. Rac1 {[%emt 0:04:50]} Qd7 {[%emt 0:02:18]} 29. g5 {[%emt 0:15:52]} dxc3 {[%emt 0:04:14]} 30. bxc3 {[%emt 0:00:13]} Nc5 {[%emt 0:00:13]} 31. Be3 {[%emt 0:03:40]} Re5 {[%emt 0:00:09]} 32. Bxc5 {[%emt 0:01:05]} Rxc5 {[%emt 0:00:31]} 33. Re3 {[%emt 0:02:48]} Bf5 {[%emt 0:05:40]} 34. Rce1 {[%emt 0:01:06]} Be6 {[%emt 0:00:15]} 35. h4 {[%emt 0:00:24]} g6 {[%emt 0:01:51]} 36. Kh2 {[%emt 0:01:10]} Rb5 {[%emt 0:01:56]} 37. Qa3 {[%emt 0:03:49]} Ra5 {[%emt 0:00:04]} 38. Qb2 {[%emt 0:00:28]} Qd2 {[%emt 0:00:07]} 39. R1e2 {[%emt 0:00:33]} Qxb2 {[%emt 0:00:10]} 40. Rxb2 {[%emt 0:00:00]} Rd3 {[%emt 0:00:00]} 0-1

[Event "11th Arad Open 2018"]
[Site "Arad"]
[Date "2018.08.11"]
[Round "8"]
[White "Secheres, Adrian-Simion"]
[Black "Vrencian, Lehel"]
[Result "1/2-1/2"]
[WhiteElo "2407"]
[BlackElo "2293"]
[Annotator "NA"]
[PlyCount "131"]
[EventDate "2018.08.05"]
[EventType "swiss"]
[EventCountry "ROU"]
[SourceTitle "playchess.com"]
[Source "ChessBase"]
[SourceQuality "1"]
[TimeControl "40/5400+30:1800+30"]

1. e4 {[%emt 0:00:00]} c5 {[%emt 0:02:14]} 2. Nf3 {[%emt 0:00:00]} e6 {[%emt 0:00:04]} 3. d4 {[%emt 0:00:04]} cxd4 {[%emt 0:00:05]} 4. Nxd4 {[%emt 0:00:07]} Nf6 {[%emt 0:01:54]} 5. Nc3 {[%emt 0:00:14]} d6 {[%emt 0:00:11]} 6. Be2 {[%emt 0:02:18]} a6 {[%emt 0:00:11]} 7. O-O {[%emt 0:00:45]} b5 {[%emt 0:00:26]} 8. a3 {[%emt 0:01:50]} Bb7 {[%emt 0:01:41]} 9. Qe1 {[%emt 0:10:45]} Be7 {[%emt 0:06:18]} 10. f4 {[%emt 0:11:01]} O-O {[%emt 0:03:55]} 11. Bf3 {[%emt 0:04:13]} Qc7 {[%emt 0:02:28]} 12. Kh1 {[%emt 0:05:18]} Nc6 {[%emt 0:09:34]} 13. Be3 {[%emt 0:05:09]} Rfe8 {[%emt 0:02:02]} 14. Qg3 {[%emt 0:03:08]} Rac8 {[%emt 0:21:59]} 15. Nxc6 {[%emt 0:04:19]} Bxc6 {[%emt 0:00:10]} 16. Bd4 {[%emt 0:00:07]} g6 {[%emt 0:03:02]} 17. Rae1 {[%emt 0:08:16]} a5 {[%emt 0:04:46]} 18. e5 {[%emt 0:17:41]} Nd7 {[%emt 0:01:49]} 19. f5 {[%emt 0:08:55]} dxe5 {[%emt 0:17:15]} 20. fxe6 {[%emt 0:00:48]} fxe6 {[%emt 0:00:27]} 21. Bxc6 {[%emt 0:05:37]} exd4 {[%emt 0:01:51]} 22. Qxc7 {[%emt 0:00:41]} Rxc7 {[%emt 0:00:02]} 23. Bxd7 {[%emt 0:00:08]} Rxd7 {[%emt 0:00:07]} 24. Nxb5 {[%emt 0:00:05]} Bf8 {[%emt 0:04:11]} 25. Re4 {[%emt 0:01:26]} Bg7 {[%emt 0:00:16]} 26. a4 {[%emt 0:00:41]} e5 {[%emt 0:03:35]} 27. Rfe1 {[%emt 0:02:23]} Rc8 {[%emt 0:00:31]} 28. R1e2 {[%emt 0:02:07]} Rc4 {[%emt 0:04:08]} 29. b3 {[%emt 0:01:15]} d3 {[%emt 0:05:30]} 30. bxc4 {[%emt 0:00:06]} dxc2 {[%emt 0:01:18]} 31. Re1 {[%emt 0:00:26]} Rd1 {[%emt 0:00:07]} 32. Nc3 {[%emt 0:00:10]} c1=Q {[%emt 0:00:29]} 33. Nxd1 {[%emt 0:00:05]} Qc2 {[%emt 0:00:19]} 34. c5 {[%emt 0:00:45]} h5 {[%emt 0:02:11]} 35. c6 {[%emt 0:01:39]} Qxc6 {[%emt 0:00:17]} 36. Nb2 {[%emt 0:00:25]} h4 {[%emt 0:02:04]} 37. Nd3 {[%emt 0:00:46]} h3 {[%emt 0:00:31]} 38. gxh3 {[%emt 0:01:35]} Qd5 {[%emt 0:00:22]} 39. Nf2 {[%emt 0:01:00]} Bf8 {[%emt 0:00:37]} 40. Ng4 {[%emt 0:00:00]} Bg7 {[%emt 0:00:00]} 41. Kg2 {[%emt 0:17:23]} Kh7 {[%emt 0:17:51]} 42. R1e2 {[%emt 0:02:42]} Qc6 {[%emt 0:00:12]} 43. Kg3 {[%emt 0:02:27]} Qc3+ {[%emt 0:01:21]} 44. R2e3 {[%emt 0:00:20]} Qa1 {[%emt 0:00:39]} 45. Kg2 {[%emt 0:00:53]} Qa2+ {[%emt 0:00:29]} 46. Re2 {[%emt 0:00:12]} Qd5 {[%emt 0:00:18]} 47. h4 {[%emt 0:00:32]} Qc6 {[%emt 0:01:09]} 48. h3 {[%emt 0:00:32]} Qd5 {[%emt 0:01:00]} 49. Kg3 {[%emt 0:01:34]} Qd1 {[%emt 0:01:43]} 50. Kh2 {[%emt 0:00:29]} Qb3 {[%emt 0:07:06]} 51. Kg2 {[%emt 0:07:15]} Qd5 52. Kg3 {[%emt 0:00:26]} Qd1 {[%emt 0:00:25]} 53. Kh2 {[%emt 0:00:05]} Qb3 {[%emt 0:00:07]} 54. Nxe5 {[%emt 0:00:05]} Bxe5+ {[%emt 0:00:13]} 55. Rxe5 {[%emt 0:00:01]} Qxa4 {[%emt 0:00:07]} 56. h5 {[%emt 0:00:35]} gxh5 {[%emt 0:01:01]} 57. Rxh5+ {[%emt 0:00:26]} Kg6 {[%emt 0:00:08]} 58. Rhe5 {[%emt 0:01:11]} Qb4 {[%emt 0:01:05]} 59. R5e4 {[%emt 0:01:19]} Qd6+ {[%emt 0:00:54]} 60. Kg2 {[%emt 0:00:52]} Qd5 {[%emt 0:00:12]} 61. Kg3 {[%emt 0:00:48]} a4 {[%emt 0:01:31]} 62. Rg4+ {[%emt 0:00:52]} Kh5 {[%emt 0:02:03]} 63. Rh4+ {[%emt 0:00:29]} Kg5 {[%emt 0:00:17]} 64. Rg4+ {[%emt 0:00:44]} Kh5 {[%emt 0:00:05]} 65. Rh4+ {[%emt 0:02:16]} Kg5 {[%emt 0:00:05]} 66. Rg4+ {[%emt 0:00:30]} 1/2-1/2

[Event "11th Arad Open 2018"]
[Site "Arad"]
[Date "2018.08.11"]
[Round "8"]
[White "Abramovic, Bosko"]
[Black "Coca, Cristi-Iulian"]
[Result "1-0"]
[WhiteElo "2400"]
[BlackElo "2024"]
[Annotator "NA"]
[PlyCount "89"]
[EventDate "2018.08.05"]
[EventType "swiss"]
[EventCountry "ROU"]
[SourceTitle "playchess.com"]
[Source "ChessBase"]
[SourceQuality "1"]
[TimeControl "40/5400+30:1800+30"]

1. g3 {[%emt 0:00:00]} Nf6 {[%emt 0:00:00]} 2. Bg2 {[%emt 0:00:00]} g6 {[%emt 0:00:00]} 3. e4 {[%emt 0:00:45]} d6 {[%emt 0:00:29]} 4. d4 {[%emt 0:00:07]} Bg7 {[%emt 0:00:27]} 5. Ne2 {[%emt 0:00:09]} O-O {[%emt 0:00:39]} 6. Nbc3 {[%emt 0:00:06]} e5 {[%emt 0:01:40]} 7. h3 {[%emt 0:00:28]} exd4 {[%emt 0:06:49]} 8. Nxd4 {[%emt 0:01:21]} Re8 {[%emt 0:00:44]} 9. O-O {[%emt 0:00:08]} Nc6 {[%emt 0:03:35]} 10. Be3 {[%emt 0:00:51]} Bd7 {[%emt 0:05:47]} 11. Re1 {[%emt 0:01:40]} Qc8 {[%emt 0:05:58]} 12. Kh2 {[%emt 0:17:41]} Re5 {[%emt 0:21:21]} 13. f3 {[%emt 0:12:29]} Rh5 {[%emt 0:07:15]} 14. Nxc6 {[%emt 0:00:25]} bxc6 {[%emt 0:00:44]} 15. h4 {[%emt 0:00:07]} Rb8 {[%emt 0:05:54]} 16. Rb1 {[%emt 0:03:09]} Rb7 {[%emt 0:04:01]} 17. b3 {[%emt 0:08:56]} h6 {[%emt 0:08:11]} 18. Kg1 {[%emt 0:01:06]} Kh7 {[%emt 0:10:53]} 19. Qd2 {[%emt 0:07:17]} Re5 {[%emt 0:02:45]} 20. Ne2 {[%emt 0:02:17]} d5 {[%emt 0:02:01]} 21. Bd4 {[%emt 0:00:08]} Re6 {[%emt 0:03:30]} 22. Nf4 {[%emt 0:02:58]} Re8 {[%emt 0:02:44]} 23. exd5 {[%emt 0:09:40]} cxd5 {[%emt 0:01:08]} 24. Nxd5 {[%emt 0:00:43]} Nxd5 {[%emt 0:00:16]} 25. Bxg7 {[%emt 0:00:07]} Kxg7 {[%emt 0:00:03]} 26. Qxd5 {[%emt 0:00:05]} Rb6 {[%emt 0:00:53]} 27. Rbd1 {[%emt 0:03:32]} Rd6 {[%emt 0:01:26]} 28. Qc5 {[%emt 0:00:07]} Rxd1 {[%emt 0:02:50]} 29. Rxd1 {[%emt 0:00:05]} Kg8 {[%emt 0:01:26]} 30. Qxa7 {[%emt 0:06:30]} Bf5 {[%emt 0:00:41]} 31. Qf2 {[%emt 0:00:27]} Qa6 {[%emt 0:00:39]} 32. c4 {[%emt 0:00:13]} h5 {[%emt 0:00:25]} 33. Kh2 {[%emt 0:01:09]} Ra8 {[%emt 0:00:32]} 34. Rd2 {[%emt 0:00:49]} Bb1 {[%emt 0:00:06]} 35. f4 {[%emt 0:00:36]} Re8 {[%emt 0:00:04]} 36. Bh3 {[%emt 0:05:56]} Qf6 {[%emt 0:00:46]} 37. Bg2 {[%emt 0:01:12]} Qa6 {[%emt 0:00:23]} 38. Rb2 {[%emt 0:00:42]} Bf5 {[%emt 0:00:12]} 39. Re2 {[%emt 0:00:22]} Rd8 {[%emt 0:00:15]} 40. Qc5 {[%emt 0:00:00]} Bg4 {[%emt 0:00:00]} 41. Qxc7 {[%emt 0:23:59]} Rc8 {[%emt 0:19:42]} 42. Qb7 {[%emt 0:00:48]} Qf6 {[%emt 0:00:54]} 43. Qe7 {[%emt 0:03:02]} Qd4 {[%emt 0:00:19]} 44. Qe3 {[%emt 0:00:15]} Qa1 {[%emt 0:00:22]} 45. Rd2 {[%emt 0:00:15]} 1-0

[Event "11th Arad Open 2018"]
[Site "Arad"]
[Date "2018.08.11"]
[Round "8"]
[White "Stoleriu, George"]
[Black "Ciorgovean, Iustin"]
[Result "0-1"]
[WhiteElo "2392"]
[BlackElo "2245"]
[Annotator "NA"]
[PlyCount "52"]
[EventDate "2018.08.05"]
[EventType "swiss"]
[EventCountry "ROU"]
[SourceTitle "playchess.com"]
[Source "ChessBase"]
[SourceQuality "1"]
[TimeControl "40/5400+30:1800+30"]

1. e4 {[%emt 0:00:00]} c5 {[%emt 0:00:00]} 2. Nc3 {[%emt 0:00:00]} d6 {[%emt 0:00:00]} 3. f4 {[%emt 0:00:00]} g6 {[%emt 0:00:00]} 4. Nf3 {[%emt 0:00:00]} Bg7 {[%emt 0:00:00]} 5. Bb5+ {[%emt 0:00:00]} Bd7 {[%emt 0:00:06]} 6. Bc4 {[%emt 0:00:10]} Nc6 {[%emt 0:04:15]} 7. O-O {[%emt 0:00:51]} e6 {[%emt 0:01:46]} 8. d3 {[%emt 0:01:29]} Nge7 {[%emt 0:01:48]} 9. f5 {[%emt 0:00:55]} exf5 {[%emt 0:10:23]} 10. Qe1 {[%emt 0:00:14]} Ne5 {[%emt 0:19:25]} 11. Nxe5 {[%emt 0:17:33]} dxe5 {[%emt 0:00:05]} 12. exf5 {[%emt 0:02:26]} Nxf5 {[%emt 0:12:13]} 13. Ne4 {[%emt 0:07:21]} O-O {[%emt 0:05:12]} 14. g4 {[%emt 0:10:21]} Nd4 {[%emt 0:06:13]} 15. Bg5 {[%emt 0:00:41]} Qb6 {[%emt 0:00:16]} 16. Be7 {[%emt 0:31:03]} Qxb2 {[%emt 0:14:42]} 17. Rb1 {[%emt 0:18:43]} Qxc2 {[%emt 0:02:23]} 18. Bxf8 {[%emt 0:02:21]} Rxf8 {[%emt 0:01:38]} 19. Rxb7 {[%emt 0:02:48]} Ne2+ {[%emt 0:04:26]} 20. Kh1 {[%emt 0:00:04]} Bc6 {[%emt 0:00:17]} 21. Rbxf7 {[%emt 0:02:13]} Bxe4+ {[%emt 0:02:09]} 22. R7f3+ {[%emt 0:01:06]} Qxc4 {[%emt 0:00:47]} 23. dxc4 {[%emt 0:00:33]} Rxf3 {[%emt 0:00:20]} 24. Kg2 {[%emt 0:00:17]} Nf4+ {[%emt 0:00:27]} 25. Kg1 {[%emt 0:00:05]} Nh3+ {[%emt 0:00:11]} 26. Kg2 {[%emt 0:00:02]} Re3+ {[%emt 0:00:13]} 0-1

[Event "11th Arad Open 2018"]
[Site "Arad"]
[Date "2018.08.11"]
[Round "8"]
[White "Bogdan, Dan"]
[Black "Terbe, Julianna"]
[Result "1/2-1/2"]
[WhiteElo "2382"]
[BlackElo "2234"]
[Annotator "NA"]
[PlyCount "57"]
[EventDate "2018.08.05"]
[EventType "swiss"]
[EventCountry "ROU"]
[SourceTitle "playchess.com"]
[Source "ChessBase"]
[SourceQuality "1"]
[TimeControl "40/5400+30:1800+30"]

1. Nf3 {[%emt 0:01:38]} d5 {[%emt 0:00:07]} 2. g3 {[%emt 0:00:31]} Nf6 {[%emt 0:00:14]} 3. Bg2 {[%emt 0:00:24]} c6 {[%emt 0:00:06]} 4. O-O {[%emt 0:01:01]} Bf5 {[%emt 0:00:10]} 5. d3 {[%emt 0:00:38]} e6 {[%emt 0:00:05]} 6. Nc3 {[%emt 0:03:20]} h6 {[%emt 0:01:59]} 7. Nd2 {[%emt 0:02:01]} Be7 {[%emt 0:00:56]} 8. e4 {[%emt 0:01:32]} Bh7 {[%emt 0:00:05]} 9. Qe2 {[%emt 0:04:18]} O-O {[%emt 0:00:26]} 10. f4 {[%emt 0:04:02]} b5 {[%emt 0:05:38]} 11. Nd1 {[%emt 0:00:53]} Nbd7 {[%emt 0:02:20]} 12. Nf2 {[%emt 0:06:04]} Rc8 {[%emt 0:03:06]} 13. Kh1 {[%emt 0:07:18]} c5 {[%emt 0:01:52]} 14. f5 {[%emt 0:06:57]} dxe4 {[%emt 0:15:21]} 15. fxe6 {[%emt 0:02:19]} exd3 {[%emt 0:00:07]} 16. Nxd3 {[%emt 0:00:12]} c4 {[%emt 0:00:42]} 17. Nf4 {[%emt 0:07:22]} Nc5 {[%emt 0:00:50]} 18. Nf3 {[%emt 0:00:19]} Nxe6 {[%emt 0:07:36]} 19. Nxe6 {[%emt 0:02:13]} fxe6 {[%emt 0:00:06]} 20. Qxe6+ {[%emt 0:02:51]} Kh8 {[%emt 0:00:05]} 21. c3 {[%emt 0:05:29]} Bc5 {[%emt 0:06:34]} 22. Bf4 {[%emt 0:01:03]} Re8 {[%emt 0:08:36]} 23. Qa6 {[%emt 0:01:22]} Ne4 {[%emt 0:04:40]} 24. h3 {[%emt 0:10:19]} Qb6 {[%emt 0:03:18]} 25. Qxb6 {[%emt 0:02:48]} axb6 {[%emt 0:01:23]} 26. Kh2 {[%emt 0:02:29]} Nf2 {[%emt 0:07:05]} 27. b4 {[%emt 0:09:53]} cxb3 {[%emt 0:01:53]} 28. axb3 {[%emt 0:00:02]} Nd3 {[%emt 0:00:34]} 29. Bd2 {[%emt 0:00:58]} 1/2-1/2